1833 1248 1373 1420 1643 1160 1258 1687 1662 1522 1812 1833 1052 1019 1668 1254 1624 1629 1839 1123 1415 1609 1709 1945 1606 1955 1932 1466 1598 1317 1555 1766 1073 1175 1443 1394 1583 1531 1299 1663 1943 1324 1404 1858 1275 1267 1746 1008 1427 1732 1484 1728 1128 1359 1735 1333 1639 1552 1446 1045 1584 1552 1346 1149 1745 1643 1005 1295 1630 1561 1676 1043 1550 1359 1004 1719 1718 1919 1830 1837 1948 1803 1851 1087 1753 1847 1542 1744 1484 1088 1507 1077 1076 1288 1063 1482 1605 1965 1383 BCNSPRNW ULIB Ver.6.0+V

เปลี่ยนเป็นภาษาไทย

Change to English
 แสดงรายละเอียดบรรณานุกรม
  กลับหน้าหลัก

Brief Record : Get Marc (ISO 2709) : E-mail record : QR code < ปิดหน้าต่าง
LEADER : 00000nam 2200000uu 4500
001    13399121477
003     ULIB
008    121121s2552||||th 000 0 tha d
020    ^a9786165120265
050 04 ^aTT890^bอ846บ
100 0  ^aอุมาวดี ทรัพย์สิน
245 10 ^aบายศรีเครื่องบวงสรวงแบบโบราณ /^cอุมาวดี ทรัพย์สิน
250    ^aพิมพ์ครั้งที่ 1
260    ^aกรุงเทพฯ :^bวาดศิลป์,^c2552
300    ^a64 หน้า :^bภาพประกอบ
650  7 ^aการประดิษฐ์ด้วยใบตอง
650  7 ^aบายศรี
945    ^p160^l0^i16862
995    ^aวิภา
999 ^a ทศพร
รายการนี้ยังไม่มีแท็ก
คุณยังไม่ได้ล็อกอิน คุณสามารถมีกิจกรรมร่วมกับเว็บไซต์ได้ แต่ต้องล็อกอินก่อน ::
  ล็อกอิน

รายการสื่อสารสนเทศ

ลำดับที่ ประเภท เลขเรียก/บาร์โค้ด สถานที่ สถานะ
1. วิทยาศาสตร์การแพทย์ และสุขภาพ
วิทยาศาสตร์การแพทย์ และสุขภาพ
TT890 อ846บ  
  Barcode: 16862
ห้องสมุดวิทยาเขตสวรรค์ประชารักษ์
►หนังสือทั่วไป
บนชั้น

รายการใกล้เคียง
    ผู้แต่ง [อุมาวดี ทรัพย์สิน]

    หัวเรื่อง [การประดิษฐ์ด้วยใบตอง]
    หัวเรื่อง [บายศรี]

BibComment


ยังไม่เคยถูกคอมเมนท์

คอมเมนท์ทรัพยากรรายการนี้
  คอมเมนท์: บายศรีเครื่องบวง..


 Copyright 2026. Bcnsprnw @Library